Statistics for Lets Click the Movie Title Name Endings

Click here to take the quiz!

General Stats

  • This quiz has been taken 456 times
  • The average score is 12 of 15

Answer Stats

HintAnswer% Correct
Men inBlack
97%
Godzilla vs.Kong
96%
ElCamino
95%
StarWars
95%
JohnWick
94%
JeepersCreepers
92%
SausageParty
89%
NextFriday
85%
TheHangover
85%
Full MetalJacket
82%
FreeGuy
73%
DeadPool
71%
HalloweenEnds
68%
SandLot
64%
BlackPhone
31%

Score Distribution

Percentile by Number Answered

Percent of People with Each Score

Your Score History

You have not taken this quiz